000 00283nam a22001217a 4500
008 170208b xxu||||| |||| 00| 0 eng d
041 _aeng
080 _2ED
_a61
100 _a4
101 _aSHM
245 _a5MINUTE EMERGENCY MEIDICINE CONCULT
_cJEFFTRY SCHAIDER
942 _2udc
_cBK
999 _c4949
_d4949